|
|
|
|
| LEADER |
02232nam a2200505 i 4500 |
| 001 |
EBC4625268 |
| 003 |
MiAaPQ |
| 005 |
20200520144314.0 |
| 006 |
m o d | |
| 007 |
cr cnu|||||||| |
| 008 |
160831t20162016gw ab ob 000 0 ger d |
| 020 |
|
|
|z 9783837634105
|
| 020 |
|
|
|a 9783839434109 (e-book)
|
| 035 |
|
|
|a (MiAaPQ)EBC4625268
|
| 035 |
|
|
|a (Au-PeEL)EBL4625268
|
| 035 |
|
|
|a (CaPaEBR)ebr11244834
|
| 035 |
|
|
|a (CaONFJC)MIL938549
|
| 035 |
|
|
|a (OCoLC)956648416
|
| 040 |
|
|
|a MiAaPQ
|b eng
|e rda
|e pn
|c MiAaPQ
|d MiAaPQ
|
| 043 |
|
|
|a e-gx---
|
| 050 |
|
4 |
|a HD8451
|b .B753 2016
|
| 082 |
0 |
|
|a 331.0943
|2 23
|
| 245 |
0 |
0 |
|a BRIC-Investitionen in Deutschland :
|b Chancen und Risiken fur Unternehmen und Arbeitnehmer /
|c Martin Franz, Sebastian Henn, Jorg Weingarten (Hg.).
|
| 264 |
|
1 |
|a Bielefeld, [Germany] :
|b transcript,
|c 2016.
|
| 264 |
|
4 |
|c 2016
|
| 300 |
|
|
|a 1 online resource (231 pages) :
|b illustrations, maps, tables, graphs.
|
| 336 |
|
|
|a text
|2 rdacontent
|
| 337 |
|
|
|a computer
|2 rdamedia
|
| 338 |
|
|
|a online resource
|2 rdacarrier
|
| 490 |
1 |
|
|a Forschung aus der Hans-Bockler-Stiftung ;
|v Band 186
|
| 490 |
0 |
|
|a Mitbestimmung und wirtschaftlicher Wandel
|
| 504 |
|
|
|a Includes bibliographical references at the end of each chapters.
|
| 588 |
|
|
|a Description based on online resource; title from PDF title page (ebrary, viewed August 31, 2016).
|
| 590 |
|
|
|a Electronic reproduction. Ann Arbor, MI : ProQuest, 2016. Available via World Wide Web. Access may be limited to ProQuest affiliated libraries.
|
| 650 |
|
0 |
|a Industrial relations
|z Germany.
|
| 650 |
|
0 |
|a Industrial relations.
|
| 650 |
|
0 |
|a Job.
|
| 655 |
|
4 |
|a Electronic books.
|
| 700 |
1 |
|
|a Franz, Martin,
|e editor.
|
| 700 |
1 |
|
|a Henn, Sebastian,
|e editor.
|
| 700 |
1 |
|
|a Weingarten, Jorg,
|e editor.
|
| 776 |
0 |
8 |
|i Print version:
|t BRIC-Investitionen in Deutschland : Chancen und Risiken fur Unternehmen und Arbeitnehmer.
|d Bielefeld, [Germany] : transcript, c2016
|h 229 pages
|k Forschung aus der Hans-Bockler-Stiftung ; Band 186
|z 9783837634105
|
| 797 |
2 |
|
|a ProQuest (Firm)
|
| 830 |
|
0 |
|a Forschung aus der Hans-Bockler-Stiftung ;
|v Band 186.
|
| 856 |
4 |
0 |
|u https://ebookcentral.proquest.com/lib/matrademy/detail.action?docID=4625268
|z Click to View
|